[Event "IHEM 2007"]
[Site "Hamburg"]
[Date "2007.05.28"]
[Round "3.2"]
[White "Wendt, Jan-Dietrich"]
[Black "Kempinski, Robert"]
[Result "0-1"]
[WhiteElo "2342"]
[BlackElo "2579"]
[PlyCount "86"]
[EventDate "2007.??.??"]

1. d4 d5 2. Nf3 c6 3. c4 Nf6 4. Nc3 e6 5. g3 Nbd7 6. Bg2 Be7 7. O-O O-O 8. b3
b6 9. Nd2 Bb7 10. e4 dxc4 11. Nxc4 b5 12. Ne3 Qb6 13. Bb2 Rfd8 14. Qe2 a6 15.
Rad1 Rac8 16. e5 Nd5 17. Ncxd5 cxd5 18. f4 b4 19. f5 Bg5 20. h4 Bxe3+ 21. Qxe3
exf5 22. Rxf5 Rc2 23. Rd2 Rxd2 24. Qxd2 Nf8 25. Qf2 Rd7 26. Bc1 Ne6 27. Be3 a5
28. Bh3 Ba6 29. Qd2 Rc7 30. Rf2 Rc3 31. Bf5 Bb5 32. a4 Bd7 33. Bc2 Nf8 34. Qe2
Qc6 35. Kg2 Qc8 36. Kh2 Bg4 37. Qd2 Ne6 38. Kg2 Nf8 39. Kh2 Bf3 40. Bd3 Qg4 41.
Bf1 Qe4 42. Bg5 Ne6 43. Bh3 Nxd4 0-1

[Event "IHEM 2007"]
[Site "Hamburg"]
[Date "2007.05.28"]
[Round "3.3"]
[White "Lindinger, Markus"]
[Black "Saltaev, Mihail"]
[Result "1/2-1/2"]
[WhiteElo "2307"]
[BlackElo "2514"]
[PlyCount "37"]
[EventDate "2007.??.??"]

1. e4 c6 2. d3 d5 3. Nd2 g6 4. Ngf3 Bg7 5. Be2 Nf6 6. O-O O-O 7. c3 Qc7 8. Re1
Nbd7 9. Bf1 e5 10. Qc2 a5 11. d4 exd4 12. cxd4 dxe4 13. Nxe4 Nxe4 14. Qxe4 Nf6
15. Qh4 Be6 16. Bf4 Qd8 17. Bg5 Bd5 18. Ne5 Qd6 19. Re3 1/2-1/2

[Event "IHEM 2007"]
[Site "Hamburg"]
[Date "2007.05.28"]
[Round "3.4"]
[White "van der Weide, Karel"]
[Black "Ritscher, Jan-Paul"]
[Result "1-0"]
[WhiteElo "2502"]
[BlackElo "2300"]
[PlyCount "59"]
[EventDate "2007.??.??"]

1. e4 Nf6 2. e5 Nd5 3. d4 d6 4. Nf3 Bg4 5. Be2 e6 6. O-O Be7 7. c4 Nb6 8. h3
Bh5 9. Nc3 O-O 10. Be3 d5 11. c5 Bxf3 12. gxf3 Nc8 13. f4 Nc6 14. b4 a6 15. Rb1
Nb8 16. Bd3 f6 17. Kh2 Qe8 18. Rg1 f5 19. a4 b6 20. Qb3 Kh8 21. b5 bxc5 22.
dxc5 Nd7 23. Nxd5 exd5 24. Qxd5 Na7 25. b6 Nxc5 26. bxa7 Nxd3 27. Qxd3 Qxa4 28.
Qd4 Rac8 29. Rb7 Bb4 30. Qc4 1-0

[Event "IHEM 2007"]
[Site "Hamburg"]
[Date "2007.05.28"]
[Round "3.5"]
[White "Stanke, Juergen"]
[Black "Bach, Matthias"]
[Result "1-0"]
[WhiteElo "2310"]
[BlackElo "2364"]
[PlyCount "117"]
[EventDate "2007.??.??"]

1. Nf3 d5 2. g3 c5 3. Bg2 Nc6 4. d3 f5 5. d4 e6 6. c4 dxc4 7. Qa4 cxd4 8. O-O
Bc5 9. Ne5 Nge7 10. Nxc6 bxc6 11. Qxc4 Bb6 12. b4 Kf7 13. Nd2 h6 14. Nf3 Qd5
15. Ng5+ hxg5 16. Bxd5 cxd5 17. Qd3 g4 18. a4 e5 19. a5 Bc7 20. e3 Rh3 21. exd4
Be6 22. f3 Rah8 23. Ra2 e4 24. Qc2 Rxh2 25. Qxh2 Rxh2 26. Kxh2 gxf3 27. Rc2 Bd8
28. Bf4 a6 29. Kg1 Bd7 30. Rfc1 Ng6 31. Be3 f4 32. gxf4 Nh4 33. Kf2 Nf5 34. Rh1
Bf6 35. Rc5 Ke6 36. Rh5 g6 37. Rh7 Ne7 38. b5 axb5 39. a6 Nc6 40. Rxc6+ Bxc6
41. Rb7 Bh4+ 42. Kf1 Bg3 43. Rb6 Kd7 44. a7 Ba8 45. Rb8 Bc6 46. a8=Q Bxa8 47.
Rxa8 Ke6 48. Rb8 Kf5 49. Rxb5 Bxf4 50. Kf2 Kg4 51. Rxd5 g5 52. Rd8 Bg3+ 53. Kf1
Bf4 54. Bxf4 Kxf4 55. Rf8+ Ke3 56. d5 Kd2 57. Ra8 e3 58. Ra2+ Kd1 59. Ra1+ 1-0

[Event "IHEM 2007"]
[Site "Hamburg"]
[Date "2007.05.28"]
[Round "3.6"]
[White "Ftacnik, Lubomir"]
[Black "Mueller, Joerg"]
[Result "1-0"]
[WhiteElo "2573"]
[BlackElo "2118"]
[PlyCount "55"]
[EventDate "2007.??.??"]

1. d4 Nf6 2. Nf3 g6 3. c4 c5 4. Nc3 cxd4 5. Nxd4 Bg7 6. e4 d6 7. Be2 O-O 8. O-O
Nc6 9. Be3 Bd7 10. Qd2 Ng4 11. Nxc6 bxc6 12. Bg5 Rb8 13. Rad1 f6 14. Bf4 Qb6
15. b3 Qb4 16. Qc2 Ne5 17. Bd2 Qb7 18. c5 Be6 19. f4 Nd7 20. cxd6 exd6 21. Be3
d5 22. exd5 cxd5 23. Nxd5 Kh8 24. Bf3 Bf5 25. Qf2 Qa6 26. g4 Bd3 27. Nc7 Qd6
28. Rxd3 1-0

[Event "IHEM 2007"]
[Site "Hamburg"]
[Date "2007.05.28"]
[Round "3.7"]
[White "Rosmann, Ilja"]
[Black "Lanka, Zigurds"]
[Result "0-1"]
[WhiteElo "2242"]
[BlackElo "2482"]
[PlyCount "94"]
[EventDate "2007.??.??"]

1. e4 c5 2. Nf3 Nc6 3. Bb5 g6 4. O-O Bg7 5. d3 Nf6 6. Bxc6 dxc6 7. Nc3 O-O 8.
Be3 b6 9. a4 a5 10. h3 Ba6 11. Nd2 e5 12. f4 exf4 13. Bxf4 Nh5 14. Bh2 c4 15.
Nxc4 Qd4+ 16. Kh1 Bxc4 17. dxc4 Qxc4 18. Qd3 Qe6 19. g4 Rad8 20. Qf3 Nf6 21.
Rad1 h5 22. gxh5 Nxh5 23. Qg4 Qxg4 24. hxg4 Nf6 25. Bc7 {(=)} Ra8 26. g5 Ng4
27. Rd6 Rfc8 28. Bxb6 Rab8 29. Bd4 Rxb2 30. Bxg7 Kxg7 31. Rd7 Rf8 32. Rd2 Rh8+
33. Kg1 Rh5 34. Rf4 Ne5 35. Rg2 Rh3 36. Nd1 Rb1 37. Rf1 Ra3 38. Re2 Rxa4 39.
Kg2 Ra3 40. Ne3 Rxf1 41. Kxf1 Nf3 42. Nc4 Ra1+ 43. Kf2 Nxg5 44. Ke3 Ne6 45. Rd2
a4 46. Kd3 a3 47. Nd6 Re1 0-1

[Event "IHEM 2007"]
[Site "Hamburg"]
[Date "2007.05.28"]
[Round "3.8"]
[White "Berg, Klaus"]
[Black "Jacoby, Gisbert"]
[Result "1-0"]
[WhiteElo "2434"]
[BlackElo "2252"]
[PlyCount "61"]
[EventDate "2007.??.??"]

1. c4 e5 2. Nc3 d6 3. d4 exd4 4. Qxd4 Nc6 5. Qd2 Nf6 6. Nf3 g6 7. b3 Bg7 8. Bb2
O-O 9. e3 Re8 10. Be2 a5 11. O-O Bd7 12. Rfd1 Ne4 13. Nxe4 Rxe4 14. Bxg7 Kxg7
15. c5 Be6 16. cxd6 cxd6 17. Qxd6 Qf6 18. Rac1 Rb4 19. h3 Rd8 20. Qg3 a4 21.
Rxd8 Qxd8 22. bxa4 Rxa4 23. Bb5 Rxa2 24. Bxc6 bxc6 25. Rxc6 Qd1+ 26. Kh2 Qf1
27. Qe5+ Kh6 28. Rxe6 fxe6 29. Qg5+ Kg7 30. Qe7+ Kh6 31. Qf8+ 1-0

[Event "IHEM 2007"]
[Site "Hamburg"]
[Date "2007.05.28"]
[Round "3.10"]
[White "Bracker, Frank"]
[Black "Pajeken, Wolfgang"]
[Result "1/2-1/2"]
[WhiteElo "2193"]
[BlackElo "2346"]
[PlyCount "42"]
[EventDate "2007.??.??"]

1. e4 c5 2. Nf3 d6 3. d4 cxd4 4. Nxd4 Nf6 5. Nc3 Nc6 6. Bg5 Bd7 7. Be2 Qa5 8.
Bxf6 gxf6 9. O-O Qe5 10. Nb3 Bh6 11. Bg4 O-O-O 12. Bxd7+ Rxd7 13. Qg4 Qg5 14.
Qh3 Rg8 15. f4 Qg4 16. Qxg4 Rxg4 17. g3 Bf8 18. Nd5 h5 19. Kg2 Rg6 20. h3 Bh6
21. c3 Rd8 1/2-1/2

[Event "IHEM 2007"]
[Site "Hamburg"]
[Date "2007.05.28"]
[Round "3.12"]
[White "Fraas, Henning"]
[Black "Hebbinghaus, Holger"]
[Result "1/2-1/2"]
[WhiteElo "2158"]
[BlackElo "2316"]
[PlyCount "52"]
[EventDate "2007.??.??"]

1. f4 g6 2. Nf3 d5 3. d3 Bg7 4. c3 Nc6 5. e4 dxe4 6. dxe4 Qxd1+ 7. Kxd1 Bg4 8.
Bb5 Nf6 9. Bxc6+ bxc6 10. Re1 Bh6 11. Kc2 Bxf3 12. gxf3 Nh5 13. Na3 Bxf4 14.
Bxf4 Nxf4 15. Nc4 f6 16. e5 O-O 17. e6 Rfd8 18. Re4 Nh5 19. Na5 Rd6 20. Nb7 Rd5
21. c4 Rf5 22. Rd1 Rxf3 23. Rd7 f5 24. Red4 Rf2+ 25. Kb1 Rf1+ 26. Kc2 Rf2+
1/2-1/2

[Event "IHEM 2007"]
[Site "Hamburg"]
[Date "2007.05.28"]
[Round "3.13"]
[White "Zierke, Oliver"]
[Black "Albers, Andreas"]
[Result "1-0"]
[WhiteElo "2313"]
[BlackElo "1998"]
[PlyCount "73"]
[EventDate "2007.??.??"]

1. d4 Nf6 2. Nf3 g6 3. Bg5 Ne4 4. h4 c6 5. Nbd2 d5 6. e3 Bg7 7. Nxe4 dxe4 8.
Nd2 Qa5 9. c3 f5 10. Bc4 Na6 11. h5 b5 12. Bb3 Bd7 13. hxg6 hxg6 14. Rxh8+ Bxh8
15. Qe2 Bf6 16. Bf4 O-O-O 17. f3 exf3 18. Qxf3 g5 19. Bg3 g4 20. Qf4 Qc7 21.
Qf2 Qb7 22. O-O-O Rh8 23. e4 fxe4 24. Nxe4 Rf8 25. Kb1 Bg7 26. Qe2 Bf5 27. Bc2
b4 28. c4 Qd7 29. Qe3 Qe6 30. d5 cxd5 31. cxd5 Qd7 32. Rc1 Kb7 33. d6 e6 34.
Bd3 Rc8 35. Rc7+ Rxc7 36. dxc7 Qc6 37. Nd6+ 1-0

[Event "IHEM 2007"]
[Site "Hamburg"]
[Date "2007.05.28"]
[Round "3.14"]
[White "Putzbach, Gerd"]
[Black "Faika, Michael"]
[Result "1-0"]
[WhiteElo "2253"]
[BlackElo "2007"]
[PlyCount "109"]
[EventDate "2007.??.??"]

1. e4 e5 2. Nf3 Nc6 3. Bb5 Nd4 4. Nxd4 exd4 5. O-O h5 6. Re1 Bc5 7. d3 c6 8.
Bc4 Kf8 9. Nd2 d5 10. exd5 cxd5 11. Bb3 Bg4 12. f3 Be6 13. Nf1 Bd6 14. Qe2 Qc7
15. Qf2 Ne7 16. Bd2 Nf5 17. Re2 h4 18. Rae1 Bg3 19. hxg3 hxg3 20. Nxg3 Nxg3 21.
Qxd4 Nxe2+ 22. Rxe2 Qh2+ 23. Kf1 Qh1+ 24. Qg1 a6 25. Re5 Qxg1+ 26. Kxg1 Ke7 27.
Bb4+ Kf6 28. Bc3 Rac8 29. f4 Rxc3 30. bxc3 Rc8 31. Kf2 Rxc3 32. Ke3 Rc8 33. Kd4
g6 34. c3 b6 35. Bxd5 Bxd5 36. Rxd5 Ke6 37. c4 f6 38. c5 Rc6 39. g4 bxc5+ 40.
Kc4 Rb6 41. f5+ Ke7 42. Rxc5 g5 43. Kd5 Kd7 44. d4 Rb2 45. Ra5 Rb6 46. Ra3 Kc7
47. Rh3 Rd6+ 48. Ke4 Kc6 49. Rh7 Kb5 50. Re7 Kc4 51. Rc7+ Kb5 52. d5 Kb6 53.
Rc8 Kb5 54. Kd4 Kb6 55. Re8 1-0

[Event "IHEM 2007"]
[Site "Hamburg"]
[Date "2007.05.28"]
[Round "3.15"]
[White "Kjetsae, Johnny"]
[Black "Schulz, Hans-Juergen"]
[Result "1/2-1/2"]
[WhiteElo "2100"]
[BlackElo "2043"]
[PlyCount "28"]
[EventDate "2007.??.??"]

1. e4 e5 2. Nf3 Nc6 3. Nc3 Bb4 4. Nd5 Ba5 5. Bb5 a6 6. Bxc6 dxc6 7. Ne3 Qe7 8.
Nc4 Bb6 9. O-O f6 10. d4 Bg4 11. dxe5 Rd8 12. Qe2 fxe5 13. h3 Bxf3 14. Qxf3 Nf6
1/2-1/2

[Event "IHEM 2007"]
[Site "Hamburg"]
[Date "2007.05.28"]
[Round "3.17"]
[White "Kielhorn, Sebastian"]
[Black "Kröncke, Manfred"]
[Result "1/2-1/2"]
[WhiteElo "1846"]
[BlackElo "2207"]
[PlyCount "73"]
[EventDate "2007.??.??"]

1. d4 d5 2. Nf3 Nf6 3. c4 e6 4. Nc3 Be7 5. Bg5 O-O 6. e3 h6 7. Bh4 b6 8. Bd3
Bb7 9. O-O Nbd7 10. Rc1 c5 11. cxd5 Nxd5 12. Bxe7 Qxe7 13. Bb1 Rac8 14. e4 cxd4
15. Qxd4 Nxc3 16. Rxc3 Rxc3 17. Qxc3 Rc8 18. Qe3 e5 19. a3 Qc5 20. Qd3 Qc7 21.
Rd1 Nf6 22. Qe2 Nh5 23. g3 Nf6 24. Nh4 g6 25. Ng2 Qc5 26. h3 Kg7 27. Kh2 a5 28.
Ne1 Bc6 29. Nd3 Qc4 30. Rc1 Qe6 31. f3 Ng8 32. Nf2 Ne7 33. Qe3 Rb8 34. Bd3 Qb3
35. Qe2 b5 36. Rc5 f6 37. Qc2 1/2-1/2

[Event "IHEM 2007"]
[Site "Hamburg"]
[Date "2007.05.28"]
[Round "3.18"]
[White "Carlstedt, Jonathan"]
[Black "Wiese, Phil"]
[Result "1-0"]
[WhiteElo "2081"]
[BlackElo "1967"]
[PlyCount "91"]
[EventDate "2007.??.??"]

1. c4 c5 2. g3 Nc6 3. Bg2 Nf6 4. Nc3 g6 5. e4 d6 6. d3 Bg7 7. Nge2 O-O 8. O-O
Bd7 9. h3 Rb8 10. Be3 a6 11. Qd2 Re8 12. f4 Qc8 13. g4 b5 14. Ng3 b4 15. Nce2
Rf8 16. g5 Ne8 17. f5 Nd4 18. Bxd4 cxd4 19. Nf4 Qd8 20. h4 Be5 21. h5 Kg7 22.
Rf3 f6 23. h6+ Kf7 24. Raf1 gxf5 25. exf5 Nc7 26. g6+ Kg8 27. g7 Re8 28. Bh3
Qc8 29. Nfh5 Bc6 30. R3f2 a5 31. Qe2 Na6 32. Nf4 Nc7 33. Qg4 Qd7 34. Ne6 Rec8
35. Nf8 Qe8 36. Nh5 Qf7 37. Nf4 Na6 38. N4g6 Rb7 39. Nh8 Qe8 40. Ne6 Nc5 41.
Rd1 b3 42. a3 Nxe6 43. fxe6 Rbb8 44. Qf5 Qd8 45. Bg4 Be8 46. Bh5 1-0

[Event "IHEM 2007"]
[Site "Hamburg"]
[Date "2007.05.28"]
[Round "3.19"]
[White "Weiss, Siegfried"]
[Black "Wilms, Robert"]
[Result "1-0"]
[WhiteElo "2078"]
[BlackElo "1814"]
[PlyCount "91"]
[EventDate "2007.??.??"]

1. c4 e5 2. e3 Nf6 3. Nc3 Be7 4. Nf3 d6 5. d4 exd4 6. Nxd4 c5 7. Nde2 O-O 8.
Nf4 Nc6 9. Be2 Bf5 10. a3 a6 11. g4 Bg6 12. h4 Ne5 13. g5 Ne4 14. Ncd5 Bf5 15.
Rg1 Re8 16. f3 Bxg5 17. hxg5 Nxg5 18. Nh5 Ng6 19. e4 Nxf3+ 20. Bxf3 Qh4+ 21.
Kf1 Bh3+ 22. Bg2 Rxe4 23. Bxh3 Qxh3+ 24. Rg2 Qh1+ 25. Rg1 Qh3+ 26. Kf2 Qh4+ 27.
Rg3 Qh2+ 28. Rg2 Qh4+ 29. Ng3 Rae8 30. Be3 Rxe3 31. Nxe3 Nf4 32. Qf3 Qf6 33.
Rd1 Nh3+ 34. Ke2 Nf4+ 35. Kf1 Nxg2 36. Kxg2 Qxb2+ 37. Kg1 Qxa3 38. Rxd6 b5 39.
Rd7 Qa1+ 40. Ngf1 Qf6 41. Qxf6 gxf6 42. Nf5 bxc4 43. N1e3 h5 44. Nd5 Ra8 45.
Nxf6+ Kh8 46. Rxf7 1-0

[Event "IHEM 2007"]
[Site "Hamburg"]
[Date "2007.05.29"]
[Round "4.1"]
[White "Kempinski, R."]
[Black "Landa, K."]
[Result "1/2-1/2"]
[WhiteElo "2579"]
[BlackElo "2608"]
[PlyCount "73"]
[EventDate "2007.??.??"]

1. d4 Nf6 2. c4 e6 3. Nf3 d5 4. Nc3 dxc4 5. e4 Bb4 6. Bg5 c5 7. e5 cxd4 8. Nxd4
Qa5 9. exf6 Bxc3+ 10. bxc3 Qxg5 11. fxg7 Qxg7 12. Qd2 O-O 13. Bxc4 Rd8 14. Qe3
Bd7 15. O-O Nc6 16. Nf3 Rac8 17. Rad1 Ne7 18. Ne5 Bc6 19. g3 Bd5 20. Bd3 Bxa2
21. c4 b5 22. Qxa7 Qxe5 23. Qxe7 Bxc4 24. Bxh7+ Kxh7 25. Rxd8 Rxd8 26. Qxd8
Bxf1 27. Kxf1 Kg7 28. Qe7 Qf5 29. h4 Qg4 30. Kg2 b4 31. h5 Qe4+ 32. Kg1 b3 33.
h6+ Kg6 34. h7 Qd4 35. Qf8 Kxh7 36. Qxf7+ Kh8 37. Qf8+ 1/2-1/2

[Event "IHEM 2007"]
[Site "Hamburg"]
[Date "2007.05.29"]
[Round "4.3"]
[White "Lindinger, Markus"]
[Black "van der Weide, Karel"]
[Result "1/2-1/2"]
[WhiteElo "2307"]
[BlackElo "2502"]
[PlyCount "33"]
[EventDate "2007.??.??"]

1. e4 c5 2. Nf3 d6 3. Bb5+ Nd7 4. d4 Ngf6 5. Nc3 cxd4 6. Qxd4 e5 7. Qd3 h6 8.
a4 Be7 9. O-O O-O 10. Be3 Qc7 11. Bc4 Nc5 12. Bxc5 Qxc5 13. Nh4 Kh7 14. Nf5
Bxf5 15. exf5 Rac8 16. Bb3 Kg8 17. Rad1 {(=)} 1/2-1/2

[Event "IHEM 2007"]
[Site "Hamburg"]
[Date "2007.05.29"]
[Round "4.4"]
[White "Ritscher, Jan-Paul"]
[Black "Ftacnik, Lubomir"]
[Result "0-1"]
[WhiteElo "2300"]
[BlackElo "2573"]
[PlyCount "84"]
[EventDate "2007.??.??"]

1. e4 c5 2. Nf3 d6 3. Bc4 Nc6 4. c3 Nf6 5. d3 g6 6. O-O Bg7 7. Bb3 O-O 8. Re1
b6 9. Nbd2 Ba6 10. Nf1 Rc8 11. Ng3 e5 12. Bg5 h6 13. Bxf6 Bxf6 14. Qd2 Kh7 15.
Nf1 Ne7 16. Ne3 Bb7 17. d4 exd4 18. cxd4 Bg7 19. dxc5 dxc5 20. Bd5 Nxd5 21.
exd5 c4 22. Rac1 b5 23. Red1 Qb6 24. Rc2 Rfd8 25. Qe2 Qc5 26. Rcd2 b4 27. Ne1
c3 28. bxc3 bxc3 29. Rc2 Bxd5 30. Nxd5 Rxd5 31. Rxd5 Qxd5 32. Nf3 Rb8 33. h4
Rb2 34. a4 Qb3 35. Ne1 Rb1 36. Kf1 h5 37. Qe4 Ra1 38. g3 Rxa4 39. Qd3 Ra1 40.
Re2 Rd1 41. Qe4 Qb1 42. Qc4 c2 0-1

[Event "IHEM 2007"]
[Site "Hamburg"]
[Date "2007.05.29"]
[Round "4.6"]
[White "Berg, Klaus"]
[Black "Wendt, Jan-Dietrich"]
[Result "1-0"]
[WhiteElo "2434"]
[BlackElo "2342"]
[PlyCount "51"]
[EventDate "2007.??.??"]

1. d4 Nf6 2. c4 g6 3. Nc3 Bg7 4. e4 d6 5. f3 O-O 6. Be3 a6 7. Qd2 Nbd7 8. O-O-O
b5 9. h4 c5 10. dxc5 Qa5 11. cxd6 exd6 12. Kb1 Ne5 13. Qxd6 Nxc4 14. Bxc4 bxc4
15. Bb6 Qh5 16. g4 Nxg4 17. fxg4 Bxg4 18. Rd5 f5 19. Bd4 Bxd4 20. Rxd4 fxe4 21.
Nh3 e3 22. Ng5 Rad8 23. Qc5 Bf5+ 24. Kc1 Bd3 25. Rxd8 Rxd8 26. Qxe3 1-0

[Event "IHEM 2007"]
[Site "Hamburg"]
[Date "2007.05.29"]
[Round "4.7"]
[White "Chevelevitch, Evgueni"]
[Black "Zierke, Oliver"]
[Result "1/2-1/2"]
[WhiteElo "2422"]
[BlackElo "2313"]
[PlyCount "55"]
[EventDate "2007.??.??"]

1. e4 c5 2. Nf3 Nc6 3. d4 cxd4 4. Nxd4 Nf6 5. Nc3 d6 6. Bg5 e6 7. Qd3 Be7 8.
Be2 O-O 9. Rd1 Qa5 10. h4 Nxd4 11. Qxd4 Rd8 12. O-O Bd7 13. a4 Bc6 14. Rfe1 h6
15. Bd2 Qc7 16. Bf3 d5 17. exd5 Nxd5 18. Bxd5 Bxd5 19. Qg4 Qc4 20. Qxc4 Bxc4
21. g3 Bc5 22. b3 Ba6 23. Nb5 Bxb5 24. axb5 Kf8 25. Kf1 Rac8 26. Bf4 Ke7 27.
Rxd8 Rxd8 28. Ke2 1/2-1/2

[Event "IHEM 2007"]
[Site "Hamburg"]
[Date "2007.05.29"]
[Round "4.8"]
[White "Bach, Matthias"]
[Black "Putzbach, Gerd"]
[Result "0-1"]
[WhiteElo "2364"]
[BlackElo "2253"]
[PlyCount "48"]
[EventDate "2007.??.??"]

1. d4 d5 2. c4 dxc4 3. Nf3 a6 4. e4 b5 5. a4 Bb7 6. axb5 axb5 7. Rxa8 Bxa8 8.
Nc3 c6 9. Be2 e6 10. O-O Nf6 11. e5 Nd5 12. Ne4 h6 13. Ne1 Nd7 14. b3 cxb3 15.
Qxb3 Be7 16. Qg3 g6 17. Nd3 Qb6 18. Bb2 O-O 19. Rc1 Bb7 20. Ndc5 Nxc5 21. dxc5
Qa5 22. Bd3 Qb4 23. Rb1 Bc8 24. Bc1 Qe1+ 0-1

[Event "IHEM 2007"]
[Site "Hamburg"]
[Date "2007.05.29"]
[Round "4.9"]
[White "Maahs, Erich"]
[Black "Pajeken, Wolfgang"]
[Result "0-1"]
[WhiteElo "2193"]
[BlackElo "2346"]
[PlyCount "76"]
[EventDate "2007.??.??"]

1. e4 Nf6 2. e5 Nd5 3. c4 Nb6 4. d4 d6 5. exd6 cxd6 6. Nc3 g6 7. Be3 Bg7 8. Qd2
O-O 9. Bh6 e5 10. Bxg7 Kxg7 11. dxe5 dxe5 12. O-O-O Qxd2+ 13. Rxd2 Nc6 14. c5
Nd7 15. Na4 Nd4 16. Bc4 b5 17. Bd5 Rb8 18. c6 bxa4 19. cxd7 Bxd7 20. Nf3 Rfc8+
21. Kd1 Rc5 22. Nxd4 exd4 23. Be4 Be6 24. Bb1 a5 25. Ke2 Rcb5 26. b3 axb3 27.
axb3 Rxb3 28. Bd3 Rb2 29. Ra1 Rxd2+ 30. Kxd2 Rb2+ 31. Ke1 Ba2 32. h4 h6 33. Rc1
a4 34. Rc7 Bb3 35. Ra7 Ra2 36. Rb7 Be6 37. Rb4 a3 38. Bc4 Rb2 0-1

[Event "IHEM 2007"]
[Site "Hamburg"]
[Date "2007.05.29"]
[Round "4.11"]
[White "Hebbinghaus, Holger"]
[Black "Bracker, Frank"]
[Result "1/2-1/2"]
[WhiteElo "2316"]
[BlackElo "2193"]
[PlyCount "23"]
[EventDate "2007.??.??"]

1. e4 c5 2. Nc3 d6 3. f4 g6 4. Nf3 Bg7 5. Bb5+ Bd7 6. a4 Nc6 7. d3 Nf6 8. O-O
O-O 9. Bxc6 bxc6 10. Qe1 e6 11. Qh4 d5 12. e5 {(=)} 1/2-1/2

[Event "IHEM 2007"]
[Site "Hamburg"]
[Date "2007.05.29"]
[Round "4.12"]
[White "Jacoby, Gisbert"]
[Black "Fraas, Henning"]
[Result "1-0"]
[WhiteElo "2252"]
[BlackElo "2158"]
[PlyCount "55"]
[EventDate "2007.??.??"]

1. e4 c6 2. d4 d5 3. e5 Bf5 4. Be3 e6 5. Nd2 Nd7 6. Be2 Qb6 7. Nb3 O-O-O 8. Nf3
f6 9. O-O Nh6 10. c4 Ng4 11. Bd2 dxc4 12. Ba5 cxb3 13. Bxb6 Nxb6 14. Qxb3 Nd5
15. Rac1 Bb4 16. a3 Ba5 17. Qa4 Bb6 18. Rxc6+ Kb8 19. Rcc1 Nf4 20. Rfe1 fxe5
21. Nxe5 Nxe5 22. dxe5 Rd4 23. Rc4 Rhd8 24. Bf3 g5 25. Rxd4 Rxd4 26. Qe8+ Rd8
27. Qe7 Nd5 28. Qxg5 1-0

[Event "IHEM 2007"]
[Site "Hamburg"]
[Date "2007.05.29"]
[Round "4.13"]
[White "Schulz, Hans-Juergen"]
[Black "Rosmann, Ilja"]
[Result "0-1"]
[WhiteElo "2043"]
[BlackElo "2242"]
[PlyCount "76"]
[EventDate "2007.??.??"]

1. e4 c5 2. b4 cxb4 3. Bb2 d5 4. exd5 Qxd5 5. d4 Nf6 6. c4 bxc3 7. Nxc3 Qa5 8.
Bd3 e6 9. a3 Be7 10. Nf3 O-O 11. O-O Nbd7 12. Re1 Nb6 13. Ne5 Nbd5 14. Qf3 Nxc3
15. Bxc3 Qd5 16. Qh3 g6 17. Bc4 Qd8 18. Qf3 Rb8 19. a4 Nd5 20. Bb2 a6 21. a5
Bb4 22. Reb1 f6 23. Ng4 b5 24. axb6 Rxb6 25. Rc1 {(=)} Bb7 26. Qh3 Nf4 27. Qh6
Bd2 28. Ne3 Nxg2 29. Rc2 Nxe3 30. fxe3 Bb4 31. Rf1 Rf7 32. Rcf2 Bf8 33. Qh3 f5
34. d5 Bxd5 35. Bxd5 Qxd5 36. Rg2 e5 37. Qg3 Bg7 38. Bc3 Qc5 0-1

[Event "IHEM 2007"]
[Site "Hamburg"]
[Date "2007.05.29"]
[Round "4.14"]
[White "Engelbert, Christoph"]
[Black "Kjetsae, Johnny"]
[Result "1/2-1/2"]
[WhiteElo "2230"]
[BlackElo "2100"]
[PlyCount "43"]
[EventDate "2007.??.??"]

1. e4 c5 2. c3 d6 3. d4 Nf6 4. Bd3 cxd4 5. cxd4 g6 6. Nf3 Bg7 7. O-O O-O 8. Nc3
e5 9. dxe5 dxe5 10. h3 Be6 11. Be3 Qe7 12. Ng5 Nc6 13. Nxe6 fxe6 14. Qa4 Rfd8
15. Rad1 Kh8 16. Bb5 Nd4 17. Bxd4 exd4 18. Rxd4 Rxd4 19. Qxd4 Nd5 20. Nxd5 exd5
21. Qxd5 Rd8 22. Qb3 {(=)} 1/2-1/2

[Event "IHEM 2007"]
[Site "Hamburg"]
[Date "2007.05.29"]
[Round "4.15"]
[White "Albers, Andreas"]
[Black "Paridar, Shadi"]
[Result "0-1"]
[WhiteElo "1998"]
[BlackElo "2225"]
[PlyCount "56"]
[EventDate "2007.??.??"]

1. e4 c5 2. Nc3 Nc6 3. g4 e6 4. d3 d5 5. exd5 exd5 6. Bg2 Be6 7. Bf4 Bd6 8.
Bxd6 Qxd6 9. h3 Nge7 10. Qd2 Ng6 11. O-O-O Nf4 12. Bf1 O-O 13. Nge2 Nxe2+ 14.
Qxe2 Nd4 15. Qd2 b5 16. Ne2 Nc6 17. Nf4 Nb4 18. a3 Nc6 19. Nh5 f5 20. Qf4 Qd7
21. g5 b4 22. a4 b3 23. c3 Ne7 24. Qe5 Ng6 25. Qe2 Rae8 26. Bg2 Qxa4 27. Kd2
Qa2 28. Rb1 d4 0-1

[Event "IHEM 2007"]
[Site "Hamburg"]
[Date "2007.05.29"]
[Round "4.16"]
[White "Carlstedt, Jonathan"]
[Black "Weiss, Siegfried"]
[Result "1-0"]
[WhiteElo "2081"]
[BlackElo "2078"]
[PlyCount "91"]
[EventDate "2007.??.??"]

1. c4 e6 2. g3 f5 3. Bg2 Nf6 4. d3 Be7 5. Nc3 d6 6. Nh3 O-O 7. O-O c6 8. Bd2
Na6 9. Rb1 e5 10. b4 Bd7 11. b5 Nc5 12. Na4 Ne6 13. f4 cxb5 14. cxb5 e4 15. e3
Rc8 16. Qb3 Kh8 17. Nf2 Nc5 18. Nxc5 dxc5 19. dxe4 c4 20. Qb2 fxe4 21. Bc3 Bc5
22. Nxe4 Bxe3+ 23. Kh1 Qb6 24. Nxf6 gxf6 25. Rfe1 Rce8 26. a4 Bf5 27. a5 Qe6
28. Rbd1 Rf7 29. Bd2 Kg7 30. Rxe3 Qxe3 31. Bxe3 Rxe3 32. Qc1 Rfe7 33. Qxc4 b6
34. axb6 axb6 35. Kg1 Bg4 36. Ra1 Be2 37. Qb4 Bd3 {(=)} 38. g4 h6 39. f5 R3e5
40. Qd4 Bxb5 41. Qxb6 Be2 42. h3 h5 43. Ra7 hxg4 44. Rxe7+ Rxe7 45. hxg4 Rd7
46. g5 1-0

[Event "IHEM 2007"]
[Site "Hamburg"]
[Date "2007.05.29"]
[Round "4.17"]
[White "Faika, Michael"]
[Black "Kielhorn, Sebastian"]
[Result "1/2-1/2"]
[WhiteElo "2007"]
[BlackElo "1846"]
[PlyCount "44"]
[EventDate "2007.??.??"]

1. e4 e6 2. Qe2 Be7 3. b3 d5 4. Bb2 Nf6 5. exd5 Qxd5 6. Nc3 Qd8 7. f4 c5 8. g3
Nc6 9. Nf3 O-O 10. O-O-O b6 11. Bg2 Bb7 12. d4 cxd4 13. Nxd4 Nxd4 14. Rxd4 Qxd4
15. Bxb7 Rab8 16. Nd5 Ba3 17. c3 Qc5 18. b4 Bxb2+ 19. Kxb2 Qd6 20. Nxf6+ gxf6
21. Qg4+ Kh8 22. Qh4 Rxb7 {(=)} 1/2-1/2

[Event "IHEM 2007"]
[Site "Hamburg"]
[Date "2007.05.29"]
[Round "4.18"]
[White "Kröncke, Manfred"]
[Black "Atri, Jamshid"]
[Result "1/2-1/2"]
[WhiteElo "2207"]
[BlackElo "2077"]
[PlyCount "85"]
[EventDate "2007.??.??"]

1. e4 e5 2. Nf3 Nc6 3. Nc3 Nf6 4. Bb5 Bb4 5. O-O O-O 6. d3 d6 7. Bg5 Bxc3 8.
bxc3 Qe7 9. Re1 Nd8 10. d4 Ne6 11. Bc1 c6 12. Bf1 Qc7 13. Ng5 c5 14. Nxe6 Bxe6
15. Bg5 Ne8 16. Qd2 f6 17. Be3 Rc8 18. Bd3 g6 19. f4 Ng7 20. Rf1 Qa5 21. d5 Bd7
22. c4 Qxd2 23. Bxd2 Ba4 24. Rab1 Rb8 25. c3 b6 26. Rf2 a6 27. Be3 Rf7 28. fxe5
fxe5 29. Rxf7 Kxf7 30. Rf1+ Kg8 31. Bg5 Rf8 32. Be7 Rxf1+ 33. Kxf1 Ne8 34. Bd8
b5 35. Ke2 Kf7 36. Kd2 Nf6 37. Ke3 Nd7 38. Kd2 {(=)} Ke8 39. Bg5 Nb6 40. cxb5
Bxb5 41. Be3 Kd7 42. Bh6 Kc7 43. Be2 1/2-1/2

[Event "IHEM 2007"]
[Site "Hamburg"]
[Date "2007.05.29"]
[Round "4.19"]
[White "Wiese, Phil"]
[Black "Wilms, Robert"]
[Result "1-0"]
[WhiteElo "1967"]
[BlackElo "1814"]
[PlyCount "69"]
[EventDate "2007.??.??"]

1. e4 e6 2. d4 d5 3. Nc3 Bb4 4. e5 c5 5. a3 Bxc3+ 6. bxc3 Qc7 7. Nf3 Ne7 8. h4
h6 9. h5 c4 10. Be2 Nbc6 11. Rh4 Bd7 12. Rf4 Qa5 13. Bd2 Qa4 14. Nh4 g5 15.
hxg6 fxg6 16. Rf6 g5 17. Bh5+ Kd8 18. Ng6 Nxg6 19. Bxg6 Kc7 20. Qf3 Ne7 21. Kd1
g4 22. Qf4 Rhg8 23. Bf7 Rgf8 24. Bxe6 Ng6 25. Qxg4 Rxf6 26. exf6 Bxe6 27. Qxe6
Qd7 28. Qxd7+ Kxd7 29. Bxh6 Rh8 30. Bd2 Rh1+ 31. Be1 Nf4 32. g3 Ng2 33. Ke2 Rg1
34. Rc1 Ke6 35. Bd2 1-0